书目信息 |
| 题名: |
失败启示录
|
|
| 作者: | 伯曼 , 福克斯 著 ;何挺 译 | |
| 分册: | ||
| 出版信息: | 北京 北京大学出版社 2017 |
|
| 页数: | 204页 | |
| 开本: | 21cm | |
| 丛书名: | ||
| 单 册: | ||
| 中图分类: | D971.252 | |
| 科图分类: | ||
| 主题词: | 刑事诉讼--xing shi su song--司法制度--体制改革--研究--美国 | |
| 电子资源: | ||
| ISBN: | 978-7-301-27883-3 | |
| 000 | 01282nam0 22002771 450 | |
| 001 | 1754461949 | |
| 005 | 20170516112211.0 | |
| 010 | @a978-7-301-27883-3@dCNY28.00 | |
| 100 | @a20170301d2017 em y0chiy50 ea | |
| 101 | 1 | @achi@ceng |
| 102 | @aCN@b110000 | |
| 105 | @ay z 000yy | |
| 106 | @ar | |
| 200 | 1 | @a失败启示录@9shi bai qi shi lu@e刑事司法改革的美国故事@dLearning from failure@etrial & error in criminal justice reform@f(美)格雷格·伯曼,(美)奥布里·福克斯著@g何挺译@zeng |
| 210 | @a北京@c北京大学出版社@d2017 | |
| 215 | @a204页@d21cm | |
| 330 | @a本书对在美国开展的一系列有广泛影响,但最终由于种种原因未能实现预期目标的刑事司法改革试点进行了深入考察,通过文献分析、圆桌讨论、对改革试点的实地观察以及对几十名这一领域的学者的访谈等方法,对上述问题作出了回答。 | |
| 510 | 1 | @aLearning from failure@etrial & error in criminal justice reform: learning from failure@zeng |
| 517 | 1 | @a刑事司法改革的美国故事@9xing shi si fa gai ge de mei guo gu shi |
| 606 | 0 | @a刑事诉讼@9xing shi su song@x司法制度@x体制改革@x研究@y美国 |
| 690 | @aD971.252@v5 | |
| 701 | 0 | @c(美)@a伯曼@9bai man@c(Berman, Greg)@4著 |
| 701 | 0 | @c(美)@a福克斯@9fu ke si@c(Fox, Aubrey)@4著 |
| 702 | 0 | @a何挺@9he ting@4译 |
| 801 | 0 | @aCN@b百万庄@c20170512 |
| 905 | @b1004928-33@dD971.252@e125@f6 | |
| 失败启示录:刑事司法改革的美国故事=Learning from failure:trial & error in criminal justice reform/(美)格雷格·伯曼,(美)奥布里·福克斯著/何挺译.-北京:北京大学出版社,2017 |
| 204页;21cm |
| ISBN 978-7-301-27883-3:CNY28.00 |
| 本书对在美国开展的一系列有广泛影响,但最终由于种种原因未能实现预期目标的刑事司法改革试点进行了深入考察,通过文献分析、圆桌讨论、对改革试点的实地观察以及对几十名这一领域的学者的访谈等方法,对上述问题作出了回答。 |
| ● |
| 相关链接 |
|
|
|
|
正题名:失败启示录
索取号:D971.252/125
 
预约/预借
| 序号 | 登录号 | 条形码 | 馆藏地/架位号 | 状态 | 备注 |
| 1 | 1004928 | 210049286 | 第一样本阅览室/ [索取号:D971.252/125] | 在馆 | |
| 2 | 1004929 | 210049295 | 教育系资料室/ [索取号:D971.252/125] | 在馆 | |
| 3 | 1004930 | 210049302 | 教育系资料室/ [索取号:D971.252/125] | 在馆 | |
| 4 | 1004931 | 210049311 | 教育系资料室/ [索取号:D971.252/125] | 在馆 | |
| 5 | 1004932 | 210049320 | 第一借阅区/ [索取号:D971.252/125] | 在馆 | |
| 6 | 1004933 | 210049339 | 第一借阅区/ [索取号:D971.252/125] | 在馆 |